プロ野球スピリッツA【プロスピA】 守備シフト名 - Statistics

General Stats
  • This quiz has been taken 316 times
    128 since last reset
  • The average score is 12 of 21
Answer Stats
守備シフト名 % Correct
長打警戒
88%
引っ張り警戒
85%
流し打ち警戒
85%
前進守備
82%
王シフト
80%
定位置
79%
柳田シフト
76%
外野前進
74%
バント警戒
71%
ゲッツーシフト
70%
筒香シフト
65%
テキサスヒット警戒
61%
中間守備
57%
吉田シフト
57%
ブルドッグ
51%
俊足警戒
49%
松中シフト
25%
赤星シフト
21%
カブレラシフト
21%
デスパイネシフト
12%
ブランコシフト
8%
No matching quizzes found
Score Distribution
Percent of People with Each Score
Percentile by Number Answered
Your Score History
You have not taken this quiz since the last reset